|
|
|
|
| LEADER |
01262nam a2200349 4500 |
| 001 |
000004989 |
| 003 |
1131 |
| 005 |
20120411090433.0 |
| 008 |
110805s viesd |
| 020 |
|
|
|c 55000
|
| 041 |
0 |
|
|a vie
|
| 082 |
|
|
|a 895.1
|b PH-L
|
| 100 |
0 |
|
|a Phùng Mộng Long
|
| 245 |
1 |
0 |
|a Đông Chu Liệt Quốc
|b Ba tập : Tiểu thuyết lịch sử
|c Phùng Mộng Long ; Nguyễn Đỗ Mục dịch ; Cao Xuân Huy h.đ
|n T.1
|
| 300 |
|
|
|a 554 tr.
|c 20 cm.
|
| 490 |
|
|
|a Văn học cổ điển nước ngoài. Văn học Trung Quốc
|
| 653 |
|
|
|a Văn học trung đại
|
| 653 |
|
|
|a Tiểu thuyết lịch sử
|
| 653 |
|
|
|a Trung Quốc
|
| 700 |
|
|
|a Nguyễn Đỗ Mục
|e Dịch
|
| 773 |
|
|
|t Đông Chu Liệt Quốc
|w 1130
|
| 910 |
|
|
|a Huỳnh Thị Cẩm Lai
|d 05/08/2011
|
| OWN |
|
|
|a LSP
|
| AVA |
|
|
|a UDN50
|b LSP
|d 895.1 PH-L
|e available
|t Error 5001 Not defined in file expand_doc_bib_avail.
|f 2
|g 0
|h N
|i 0
|k 1
|
| 999 |
|
|
|a From the UDN01
|
| AVA |
|
|
|a UDN50
|b LSP
|d 895.1 PH-L
|e available
|t Error 5001 Not defined in file expand_doc_bib_avail.
|f 2
|g 0
|h N
|i 0
|k 1
|
| TYP |
|
|
|a Monograph
|
| TYP |
|
|
|a Printed language
|
| 980 |
|
|
|a Mạng thư viện Đại học Đà Nẵng
|